Mackie and McCartney medical microbiology : (Record no. 7612)

MARC details
000 -LEADER
fixed length control field 00750nam a22002297a 4500
003 - CONTROL NUMBER IDENTIFIER
control field OSt
005 - DATE AND TIME OF LATEST TRANSACTION
control field 20220118144215.0
008 - FIXED-LENGTH DATA ELEMENTS--GENERAL INFORMATION
fixed length control field 220118b ||||| |||| 00| 0 eng d
020 ## - INTERNATIONAL STANDARD BOOK NUMBER
International Standard Book Number 0443017891
040 ## - CATALOGING SOURCE
Transcribing agency 040A
082 ## - DEWEY DECIMAL CLASSIFICATION NUMBER
Classification number QW 4
Item number D879m 1978
100 ## - MAIN ENTRY--PERSONAL NAME
Personal name Duguid, J.P
9 (RLIN) 15559
245 ## - TITLE STATEMENT
Title Mackie and McCartney medical microbiology :
Remainder of title a guide to the laboratory diagnosis and control of infection/
Statement of responsibility, etc. J.P Duguid, B.P Marmion, R.H.A Swain
250 ## - EDITION STATEMENT
Edition statement 13th.ed.
260 ## - PUBLICATION, DISTRIBUTION, ETC. (IMPRINT)
Place of publication, distribution, etc. Edinburgh
Name of publisher, distributor, etc. Churchill Livingstone
Date of publication, distribution, etc. 1978
300 ## - PHYSICAL DESCRIPTION
Extent xii, 666p;
Other physical details col.ill:
Dimensions 24cm.
504 ## - BIBLIOGRAPHY, ETC. NOTE
Bibliography, etc Includes index and bibliographical references
650 ## - SUBJECT ADDED ENTRY--TOPICAL TERM
Source of heading or term Medical Microbiology
700 ## - ADDED ENTRY--PERSONAL NAME
Personal name Marmion,B.P
9 (RLIN) 15560
700 ## - ADDED ENTRY--PERSONAL NAME
Personal name Swain, R.H.A
9 (RLIN) 15561
942 ## - ADDED ENTRY ELEMENTS (KOHA)
Source of classification or shelving scheme Other/Generic Classification Scheme
Koha item type Open Shelf
Holdings
Withdrawn status Lost status Source of classification or shelving scheme Damaged status Not for loan Home library Current library Date acquired Source of acquisition Inventory number Total Checkouts Full call number Barcode Date last seen Date last checked out Price effective from Koha item type
    Other/Generic Classification Scheme     MUST Main Library MUST Main Library 18/01/2022 Donation 1997/10912 2 QW 4 D879m 1978 2022-0053 10/02/2022 28/01/2022 18/01/2022 Open Shelf